| LEADER 00000nama 2200000uu 4500 |
| 008 040531s|||| th m m a000 0 tha d |
| 020 978-0-323-05289-4
|
| 041 eng
|
| 050 WY 150 P462C 2010.
|
| 100 Perry, Anne Griffin.
|
| 245 Clinical Nursing Skills & Techniques/ Anne Griffin. Perwy, Patricia A. Potter, Wendy. Ostendorf.
|
| 246 0 ^aโครงการผลิตพยาบาลชุมชนฯ ครั้งที่1/2553.
|
| 246 0 ^aตำราการพยาบาลผู้ใหญ่.
|
| 250 7 th ed.
|
| 260 Canada. Mosby Elsevier 2010.
|
| 300 1276 p.
|
| 500 ^aโครงการผลิตพยาบาลชุมชนฯ ครั้งที่1/2553.
|
| 600 1.Potter, Patricia A. 2.Ostendorf, Wendy.
|
| 650 4 1.Nursing Skills. 2.Techniques.
|
| 650 4 ^aตำราการพยาบาลผู้ใหญ่.
|
| 995 001
|
| 999 ^aใช้งานได้ทุกระบบ
|